000
00318nam a22001457a 4500
003
SGT
020
_a
9788131518427
082
_a
658.89
_b
ROS
100
_a
ROSENBLOOM, BERT
245
_a
MARKETING CHANNELS A MANAGEMENT VIEW
250
_a
8TH
260
_b
CENGAGE LEARNING
_c
2015
300
_a
660
942
_2
ddc
_c
BK
999
_c
16357
_d
16357